The new speller and Word book

Salvato in:
Dettagli Bibliografici
Ente Autore: The Catholic National Series (Autore)
Natura: Libro
Lingua:inglese
Pubblicazione: Chicago Benziger Brothers 1895
Edizione:1a. ed
Serie:The Catholic National Series
Soggetti:
Tags: Aggiungi Tag
Nessun Tag, puoi essere il primo ad aggiungerne!!

MARC

LEADER 00000cam a2200000 a 4500
001 UCD0100
003 CL-VaPUC
008 151112e18950000us |||||||||||||||||eng|d
082 0 4 |a 372.65  |b THE  |2 21 
110 2 |a The Catholic National Series  |e author  |9 583108 
245 1 4 |a The new speller and Word book 
250 |a 1a. ed 
300 |a 148 p 
942 |c BK 
945 |d 20151112 20:22:00  |a gsalatino 
260 |a Chicago  |b Benziger Brothers  |c 1895 
650 0 |a Enseñanza del inglés  |9 367340 
650 0 |a Enseñanza de idiomas  |9 339820 
650 0 |a Lectura  |9 307634 
583 |a last modification  |c 20151112 20:22:00  |k Rodrigo Vera 
490 0 |a The Catholic National Series 
999 |c 361722  |d 361720 
952 |0 0  |1 0  |3 erd  |4 0  |6 372_650000000000000_THE_1895  |7 0  |8 P  |9 472365  |a BIBTEO  |b BIBTES  |c TEO_FTES  |i 5270251  |o 372.65 THE 1895  |p 5270251  |r 2024-01-18  |w 2019-11-24  |y BK  |z Catalogado en:20151112  |k ICR